Elektrické instalace v dřevěných budovách a rekreačních chatách

Salvato in:
Dettagli Bibliografici
Autore principale: Soukup, František (Autore)
Natura: Libro
Lingua:ceco
Pubblicazione: Praha : SNTL, 1969
Edizione:2. vyd.
Tags: Aggiungi Tag
Nessun Tag, puoi essere il primo ad aggiungerne!!

MARC

LEADER 00000nam a22000003a 4500
001 stu52880
005 20150617225704.4
008 000329s1969----cs------------------cze-d
040 |a STU  |b slo 
041 0 |a cze 
044 |a cs 
080 |a 621.315.67 
080 |a 728.71 
100 1 |a Soukup, František  |4 aut 
245 1 |a Elektrické instalace v dřevěných budovách a rekreačních chatách 
250 |a 2. vyd. 
260 |a Praha :  |b SNTL,  |c 1969 
300 |a 141 s 
996 |b 284EK03732  |c E*22805  |l EE01  |s A  |a 24  |w stu52880_0001